LEADER 00711nam a2200169 i 4500 001 000000242506 003 CaOOAMICUS 005 20150608000000.0 008 150608s1868 it u000 u ita u 013 $a221411 040 $aSeMil$bita 245 10$aVol. 1. 300 $aXII, 476 p., [1] c. di tav. :$bill. 773 0 $aLeonardo : da Porto Maurizio $tOpere complete di s. Leonardo da Porto Maurizio missionario apostolico, minore riformato del Ritiro di S. Bonaventura in Roma.$dVenezia : Tipografia Emiliana, 1868-1869.$g1$w()32002 850 $aSeMil 852 $aSeMil$W1$xVenegono$y1$m3F III 89 FA$j192852$B192852$CSeMilBibl$Z2$F203622 $8I 996 $6245$aVol. 1$9(OLS)http://semarc/title/13429 LEADER 01233nam a2200265 i 4500 001 000000206562 003 CaOOAMICUS 005 20251201145906.0 008 111006s2009 it 000 u ita r 040 $aSeMil$bita 245 00$aDiego Venini :$bdiari, 1958-1970 /$ca cura di Franco Cajani. 264 1$aDesio :$bCISD Pio 11.,$c2009. 300 $a311 p. ;$c24 cm. 490 1 $aI quaderni della Brianza 500 $aNumero 173-174-175 della rivista "I quaderni della Brianza", XXXII, gennaio-dicembre 2009. 650 4$aVenini, Diego - Diari e memorie.$0(OLS)http://semarc/subject/24587 700 1 $aCajani, Franco,$d<1943- >.$0(OLS)http://semarc/name/7141 700 1 $aVenini, Diego .$0(OLS)http://semarc/name/3405 830 2$aI quaderni della Brianza.$0(OLS)http://semarc/title/23854 850 $aSeMil 852 $aSeMil$W1$xVenegono$y1$m3UA E 43$j265034$B157032$CSeMilBibl$Z2$F168672 $81 961 $aAcquisto: Centro Internaz. di Studi e Doc. Pio 11. 996 $6245$aDiego Venini :$bdiari, 1958-1970$9(OLS)http://semarc/title/298766 996 $6264$aDesio :$bCISD Pio 11.$9(OLS)http://semarc/publisher/44513